|
|
|
|
| LEADER |
01721nam a2200433Ia 4500 |
| 001 |
EBC635561 |
| 003 |
MiAaPQ |
| 005 |
20200520144314.0 |
| 006 |
m o d | |
| 007 |
cr cn||||||||| |
| 008 |
101104s2011 dcua sb i001 0 eng d |
| 010 |
|
|
|z 2010045444
|
| 020 |
|
|
|z 0821385135 (pbk.)
|
| 020 |
|
|
|z 9780821385135 (pbk.)
|
| 020 |
|
|
|a 0821385143 (electronic bk.)
|
| 020 |
|
|
|a 9780821385142 (electronic bk.)
|
| 035 |
|
|
|a (MiAaPQ)EBC635561
|
| 035 |
|
|
|a (Au-PeEL)EBL635561
|
| 035 |
|
|
|a (CaPaEBR)ebr10440517
|
| 035 |
|
|
|a (CaONFJC)MIL296647
|
| 035 |
|
|
|a (OCoLC)811493210
|
| 040 |
|
|
|a MiAaPQ
|c MiAaPQ
|d MiAaPQ
|
| 050 |
|
4 |
|a HB3722
|b .G746 2011
|
| 082 |
0 |
4 |
|a 330.9172/4
|2 22
|
| 245 |
0 |
4 |
|a The great recession and developing countries
|h [electronic resource] :
|b economic impact and growth prospects /
|c Mustapha K. Nabli, editor.
|
| 260 |
|
|
|a Washington DC :
|b World Bank,
|c c2011.
|
| 300 |
|
|
|a xxvi, 634 p. :
|b ill.
|
| 504 |
|
|
|a Includes bibliographical references and index.
|
| 533 |
|
|
|a Electronic reproduction. Ann Arbor, MI : ProQuest, 2015. Available via World Wide Web. Access may be limited to ProQuest affiliated libraries.
|
| 650 |
|
0 |
|a Economic development
|z Developing countries
|v Case studies.
|
| 650 |
|
0 |
|a Economic forecasting
|z Developing countries
|v Case studies.
|
| 650 |
|
0 |
|a Financial crises
|z Developing countries
|v Case studies.
|
| 650 |
|
0 |
|a Global Financial Crisis, 2008-2009.
|
| 651 |
|
0 |
|a Developing countries
|x Economic conditions
|y 21st century.
|
| 655 |
|
4 |
|a Electronic books.
|
| 700 |
1 |
|
|a Nabli, Mustapha K.
|
| 710 |
2 |
|
|a World Bank.
|
| 710 |
2 |
|
|a ProQuest (Firm)
|
| 856 |
4 |
0 |
|u https://ebookcentral.proquest.com/lib/matrademy/detail.action?docID=635561
|z Click to View
|